000 00300 a2200109 4500
245 _aPoets in a landscape
_hprint
250 _a[1st ed.]
700 _aHighet, Gilbert
005 20191017174101.0
260 _anyu
_bKnopf
_c1957
084 _aPA6047 .H5
300 _a267 p. illus. 25 cm.
_b267 p. illus. 25 cm.
_c267 p. illus. 25 cm.
999 _c11140
_d11140